书目信息 |
| 题名: |
喀纳斯湖怪
|
|
| 作者: | 于文胜 著 | |
| 分册: | ||
| 出版信息: | 乌鲁木齐 新疆美术摄影出版社 2009.11 |
|
| 页数: | 130页 | |
| 开本: | 20cm | |
| 丛书名: | 雪莲花文丛 | |
| 单 册: | ||
| 中图分类: | I247.8 | |
| 科图分类: | ||
| 主题词: | 故事--作品集--中国 | |
| 电子资源: | ||
| ISBN: | 978-7-5469-0363-7 | |
| 000 | 00671nam0 2200229 450 | |
| 001 | 1151674328 | |
| 005 | 20111228142230.23 | |
| 010 | @a978-7-5469-0363-7@dCNY21.50 | |
| 100 | @a20111228d2009 km y0chiy0120 ea | |
| 101 | 0 | @achi |
| 102 | @aCN@b650000 | |
| 105 | @ay z 000ay | |
| 200 | 1 | @a喀纳斯湖怪@Aka na si hu guai@f于文胜著@Fyu wen sheng zhu |
| 210 | @a乌鲁木齐@c新疆美术摄影出版社@d2009.11 | |
| 215 | @a130页@d20cm | |
| 225 | 2 | @a雪莲花文丛 |
| 410 | 0 | @12001 @a雪莲花文丛 |
| 606 | 0 | @a故事@x作品集@y中国 |
| 690 | @aI247.8@v4 | |
| 701 | 0 | @a于文胜@Ayu wen sheng@4著 |
| 801 | 0 | @aCN@b大连网信软件有限公司图书馆·11@c20111228 |
| 905 | @aZUCC@dI247.8@eY7258@f3 | |
| 喀纳斯湖怪/于文胜著.-乌鲁木齐:新疆美术摄影出版社,2009.11 |
| 130页;20cm.-(雪莲花文丛) |
| ISBN 978-7-5469-0363-7:CNY21.50 |
| ● |
| 相关链接 |
|
|
|
正题名:喀纳斯湖怪
索取号:I247.8/Y7258
 
预约/预借
| 序号 | 登录号 | 条形码 | 馆藏地/架位号 | 状态 | 备注 |
| 1 | 1182598 | 211825989 | 文学库108/108文学库 63排10列4层/ [索取号:I247.8/Y7258] | 在馆 | |
| 2 | 1182599 | 211825998 | 文学库108/108文学库 63排10列4层/ [索取号:I247.8/Y7258] | 在馆 | |
| 3 | 1182600 | 211826005 | 文学库108/108文学库 63排10列4层/ [索取号:I247.8/Y7258] | 在馆 |